000 00504nas a2200145 i 4500
001 253450
008 890206s spco || o001 |||
245 _aDescubrimiento
260 _aSanto Domingo :
_bFundación Ciencia y Arte
500 _aEl número 9-10 del 1990 está en una sola edición, no se visualiza porque el sistema no acepta dos números en una edición
650 _915807
_aCiencia
650 _92031
_aArtes
650 _948926
_aFundación Ciencia y Arte
_zPublicaciones seriadas
942 _c15
999 _c58108
_d58108